|
|
|
|
| LEADER |
03338nam a2200817 i 4500 |
| 001 |
nkc20203221306 |
| 003 |
CZ PrNK |
| 005 |
20210809080902.0 |
| 007 |
ta |
| 008 |
200602s2020 xr abc e f 000 0 cze |
| 015 |
|
|
|a cnb003221306
|
| 020 |
|
|
|a 978-80-87857-40-3
|q (brožováno)
|
| 035 |
|
|
|a (OCoLC)1230105894
|
| 040 |
|
|
|a ABA001
|b cze
|e rda
|
| 043 |
|
|
|a e-xr---
|b e-xr-mr
|2 czenas
|
| 072 |
|
7 |
|a 902
|x Archeologie
|2 Konspekt
|9 8
|
| 080 |
|
|
|a 902.035
|2 MRF
|
| 080 |
|
|
|a 551.44
|2 MRF
|
| 080 |
|
|
|a 551.442
|2 MRF
|
| 080 |
|
|
|a 902.2
|2 MRF
|
| 080 |
|
|
|a 903.2
|2 MRF
|
| 080 |
|
|
|a 903.4
|2 MRF
|
| 080 |
|
|
|a 903"632"
|2 MRF
|
| 080 |
|
|
|a (437.32-13)
|2 MRF
|
| 080 |
|
|
|a (036)
|2 MRF
|
| 100 |
1 |
|
|a Golec, Martin,
|d 1975-
|7 mzk2015864253
|4 aut
|4 pht
|
| 245 |
1 |
0 |
|a Býčí skála :
|b jeskyně a člověk - příroda a kultura /
|c texty: Martin Golec, Vlastislav Káňa, Aleš Pekárek, Martina Roblíčková, Radim Kratochvíl, Petr Kaplan, Vladimír Šebeček, Štěpán Mátl, Jiří Svozil st., Karel Kosina, Antonín Tůma
|
| 250 |
|
|
|a 2. aktualizované vydání
|
| 264 |
|
1 |
|a Praha :
|b Česká speleologická společnost,
|c 2020
|
| 300 |
|
|
|a 64 stran :
|b ilustrace (převážně barevné), mapy, portréty ;
|c 21 cm
|
| 336 |
|
|
|a text
|b txt
|2 rdacontent
|
| 336 |
|
|
|a statický obraz
|b sti
|2 rdacontent
|
| 337 |
|
|
|a bez média
|b n
|2 rdamedia
|
| 338 |
|
|
|a svazek
|b nc
|2 rdacarrier
|
| 500 |
|
|
|a Na obálce pod názvem: ZO ČSS 6-01 Býčí skála
|
| 500 |
|
|
|a 1000 výtisků
|
| 650 |
0 |
7 |
|a speleoarcheologie
|7 ph125904
|z Česko
|2 czenas
|
| 650 |
0 |
7 |
|a speleologie
|7 ph125905
|z Česko
|2 czenas
|
| 650 |
0 |
7 |
|a jeskyně
|7 ph121342
|z Česko
|2 czenas
|
| 650 |
0 |
7 |
|a archeologické výzkumy
|7 ph118577
|z Česko
|2 czenas
|
| 650 |
0 |
7 |
|a archeologické nálezy
|7 ph137683
|z Česko
|2 czenas
|
| 650 |
0 |
7 |
|a sídliště (archeologie)
|7 ph137685
|z Česko
|2 czenas
|
| 650 |
0 |
7 |
|a paleolit
|7 ph123908
|z Česko
|2 czenas
|
| 650 |
0 |
9 |
|a speleoarchaeology
|z Czechia
|2 eczenas
|
| 650 |
0 |
9 |
|a speleology
|z Czechia
|2 eczenas
|
| 650 |
0 |
9 |
|a caves
|z Czechia
|2 eczenas
|
| 650 |
0 |
9 |
|a excavations (archaeology)
|z Czechia
|2 eczenas
|
| 650 |
0 |
9 |
|a antiquities
|z Czechia
|2 eczenas
|
| 650 |
0 |
9 |
|a settlements
|z Czechia
|2 eczenas
|
| 650 |
0 |
9 |
|a paleolithic period
|z Czechia
|2 eczenas
|
| 651 |
|
7 |
|a Býčí skála (Česko : jeskyně)
|7 ge128902
|2 czenas
|
| 651 |
|
9 |
|a Býčí skála Cave (Czechia)
|2 eczenas
|
| 655 |
|
7 |
|a informační publikace
|7 fd132454
|2 czenas
|
| 655 |
|
9 |
|a information publications
|2 eczenas
|
| 700 |
1 |
|
|a Káňa, Vlastislav,
|d 1973-
|7 hka2018999407
|4 aut
|
| 700 |
1 |
|
|a Pekárek, Aleš
|4 aut
|
| 700 |
1 |
|
|a Roblíčková, Martina
|7 mzk2015864228
|4 aut
|
| 700 |
1 |
|
|a Kratochvíl, Radim
|7 jo2016917016
|4 aut
|
| 700 |
1 |
|
|a Kaplan, Petr
|4 aut
|
| 700 |
1 |
|
|a Šebeček, Vladimír
|4 aut
|
| 700 |
1 |
|
|a Mátl, Štěpán
|4 aut
|
| 700 |
1 |
|
|a Svozil, Jiří
|7 xx0238298
|4 aut
|
| 700 |
1 |
|
|a Kosina, Karel
|4 aut
|
| 700 |
1 |
|
|a Tůma, Antonín
|4 aut
|
| 710 |
2 |
|
|a Česká speleologická společnost.
|b Základní organizace 6-01 Býčí skála
|7 ko20201095621
|4 aut
|
| 910 |
2 |
|
|a BOA001
|b 2-1455.753
|
| 990 |
|
|
|a BK
|
| 995 |
|
|
|a 01
|
| 991 |
|
|
|b 202012
|c NOV
|
| 996 |
6 |
|
|b 2610846122
|c 2-1455.753
|l MZK
|r Sklad / do 1 hodiny
|n 2
|p p.v.
|w 001834315
|u 000010
|a 1
|e BOA001
|j MZK50
|s P
|
| 996 |
7 |
|
|b 2610875151
|c 2-1455.753
|l MZK
|r Sklad / do 1 hodiny
|n 3
|p kup
|w 001834315
|u 000020
|a 1
|e BOA001
|j MZK50
|s A
|